Statistics for Moving around Capital Cities: Cardinal-Intermediate Directions

Click here to take the quiz!

General Stats

  • This quiz has been taken 23 times
  • The average score is 100 of 195

Answer Stats

FROM…BEARING…TO% Correct
Abuja245ºAccra
100%
Abu Dhabi250ºAbuja
100%
Accra84ºAddis Ababa
94%
Algiers100ºAmman
88%
Athens105ºBaghdad
88%
Ankara166ºAntananarivo
88%
Amsterdam192ºAndorra la Vella
88%
Ashgabat217ºAsmara
88%
Astana236ºAsuncion
88%
Baku241ºBamako
88%
Bangkok263ºBangui
88%
Banjul274ºBasseterre
88%
Bangui284ºBanjul
88%
Bandar Seri Begawan301ºBangkok
88%
Baghdad31ºBaku
88%
Addis Ababa310ºAlgiers
88%
Amman311ºAmsterdam
88%
Asmara36ºAstana
88%
Asuncion50ºAthens
88%
Basseterre81ºBeijing
88%
Bamako93ºBandar Seri Begawan
88%
Andorra la Vella96ºAnkara
88%
Damascus101ºDhaka
82%
Brussels113ºBucharest
82%
Cairo120ºCanberra
82%
Bogota128ºBrasilia
82%
Chisinau132ºColombo
82%
Bratislava181ºBrazzaville
82%
Copenhagen209ºDakar
82%
Berlin214ºBern
82%
Budapest220ºBuenos Aires
82%
Conakry24ºCopenhagen
82%
Bishkek248ºBissau
82%
Belgrade253ºBelmopan
82%
Bissau262ºBogota
82%
Beijing264ºBeirut
82%
Colombo271ºConakry
82%
Brazzaville283ºBridgetown
82%
Apia292ºAshgabat
82%
BujumburaCairo
82%
Bucharest301ºBudapest
82%
Beirut313ºBelgrade
82%
Brasilia42ºBratislava
82%
Bridgetown54ºBrussels
82%
Belmopan66ºBerlin
82%
Dakar68ºDamascus
82%
Buenos Aires69ºBujumbura
82%
Canberra71ºCaracas
82%
Antananarivo87ºApia
82%
Bern94ºBishkek
82%
Dublin105ºDushanbe
76%
Dhaka133ºDili
76%
Djibouti202ºDodoma
76%
Dushanbe247ºFreetown
76%
Dodoma26ºDoha
76%
Dili283ºDjibouti
76%
Doha302ºDublin
76%
Caracas58ºCastries
76%
Castries66ºChisinau
76%
Libreville120ºLilongwe
71%
Hanoi242ºHarare
71%
Kathmandu256ºKhartoum
71%
Funafuti263ºGaborone
71%
Freetown264ºFunafuti
71%
Lilongwe271ºLima
71%
Guatemala City272ºHanoi
71%
Kigali280ºKingston
71%
Georgetown283ºGuatemala City
71%
Harare290ºHavana
71%
Gaborone291ºGeorgetown
71%
Honiara297ºIslamabad
71%
Kuala Lumpur297ºKuwait City
71%
Jakarta299ºJerusalem
71%
Kampala61ºKathmandu
71%
Havana64ºHelsinki
71%
Lisbon67ºLjubljana
71%
Kinshasa85ºKuala Lumpur
71%
Kingstown102ºKinshasa
65%
Kingston107ºKingstown
65%
Helsinki122ºHoniara
65%
Islamabad141ºJakarta
65%
Kiev180ºKigali
65%
Jerusalem187ºJuba
65%
Ljubljana196ºLome
65%
Kabul225ºKampala
65%
Kuwait City231ºLibreville
65%
Khartoum357ºKiev
65%
Juba49ºKabul
65%
Lima51ºLisbon
65%
Madrid101ºMajuro
59%
Luanda114ºLusaka
59%
London169ºLuanda
59%
Luxembourg216ºMadrid
59%
Lome358ºLondon
59%
Manama100ºManila
53%
Manila244ºMaputo
53%
Majuro268ºMalabo
53%
Male272ºManagua
53%
Lusaka343ºLuxembourg
53%
Mexico City70ºMinsk
53%
Managua83ºManama
53%
Malabo89ºMale
53%
Minsk164ºMogadishu
47%
Maputo233ºMaseru
47%
New Delhi257ºNiamey
47%
Nay Pyi Taw264ºN'Djamena
47%
Nairobi283ºNassau
47%
Mbabane71ºMelekeok
47%
N'Djamena74ºNew Delhi
47%
Montevideo75ºMoroni
47%
Melekeok84ºMexico City
47%
Nassau91ºNay Pyi Taw
47%
Moscow154ºMuscat
41%
Monaco203ºMonrovia
41%
Muscat220ºNairobi
41%
Monrovia226ºMontevideo
41%
Nicosia248ºNouakchott
41%
Mogadishu320ºMonaco
41%
Moroni355ºMoscow
41%
Maseru47ºMbabane
41%
Paris113ºPhnom Penh
35%
Ottawa117ºOuagadougou
35%
Oslo254ºOttawa
35%
Nouakchott255ºNuku'alofa
35%
Phnom Penh292ºPodgorica
35%
Nuku'alofa299ºOslo
35%
Niamey52ºNicosia
35%
Port Moresby78ºPort-au-Prince
35%
Port Louis82ºPort Moresby
35%
Palikir89ºPanama
35%
Ouagadougou91ºPalikir
35%
Port-of-Spain93ºPorto-Novo
35%
Panama97ºParamaribo
35%
Porto-Novo98ºPort-Vila
35%
Pyongyang105ºQuito
29%
Port-au-Prince126ºPort-of-Spain
29%
Podgorica150ºPort Louis
29%
Port-Vila296ºPrague
29%
Paramaribo48ºParis
29%
Quito63ºRabat
29%
Pristina92ºPyongyang
29%
Santo Domingo103ºSao Tome
24%
Reykjavik107ºRiga
24%
Tallinn116ºTarawa
24%
Praia128ºPretoria
24%
Prague221ºPraia
24%
Sanaa246ºSantiago
24%
Roma247ºRoseau
24%
San Marino250ºSan Salvador
24%
Saint John's251ºSan Jose
24%
Sucre270ºSuva
24%
Taipei296ºTallinn
24%
Singapore298ºSkopje
24%
Rabat342ºReykjavik
24%
Pretoria354ºPristina
24%
Skopje63ºSofia
24%
San Jose67ºSan Marino
24%
San Salvador89ºSanaa
24%
Sarajevo94ºSeoul
24%
SantiagoSanto Domingo
18%
Sao Tome13ºSarajevo
18%
Riga152ºRiyadh
18%
Roseau186ºSaint George's
18%
Seoul210ºSingapore
18%
Stockholm221ºSucre
18%
Tbilisi256ºTegucigalpa
18%
Tashkent271ºTbilisi
18%
Tarawa293ºTashkent
18%
Riyadh301ºRoma
18%
Suva307ºTaipei
18%
Sofia348ºStockholm
18%
Saint George's358ºSaint John's
18%
Tehran104ºThimphu
12%
Tokyo268ºTripoli
12%
Ulaanbaatar269ºVaduz
12%
Thimphu283ºTirana
12%
Tegucigalpa80ºTehran
12%
Vienna113ºVientiane
6%
Vatican City139ºVictoria
6%
Vaduz161ºValletta
6%
Warsaw258ºWashington
6%
Wellington278ºWindhoek
6%
Yerevan285ºZagreb
6%
Yaren289ºYerevan
6%
Vientiane301ºVilnius
6%
Victoria326ºVienna
6%
Tripoli327ºTunis
6%
Valletta345ºVatican City
6%
Tunis81ºUlaanbaatar
6%
Tirana93ºTokyo
6%
Yamoussoukro100ºYaounde
0%
Vilnius225ºWarsaw
0%
Washington230ºWellington
0%
Windhoek323ºYamoussoukro
0%
Yaounde91ºYaren
0%

Score Distribution

Percentile by Number Answered

Percent of People with Each Score

Your Score History

You have not taken this quiz